000 01744nam a22003017a 4500
003 NALT
005 20251125233134.0
008 s2558 th tha d
020 _a9786169233701
040 _aNALT
041 _atha
050 _aDS 588.S6
_bภ686ป 2558
100 0 _aภูวเดช อินทวงศ์
_953247
245 1 0 _aปริศนาชายแดนใต้ สู่ทางออกอย่างยั่งยืนได้จริงหรือ? /
_cภูวเดช อินทวงศ์.
260 _aกรุงเทพฯ :
_bสมาร์ท อินเตอร์คอมมินนิเคชั่น,
_c2558.
300 _a215 หน้า :
_bภาพประกอบ ;
_c21 ซม.
650 4 _aการก่อความไม่สงบ
_923452
_zไทย (ภาคใต้)
650 4 _aความขัดแย้งทางสังคม
_96261
_zไทย (ภาคใต้)
650 4 _aชาวไทยมุสลิม
_922323
_zไทย (ภาคใต้)
650 0 _aการบริหารรัฐกิจ
_zไทย (ภาคใต้)
_953248
650 0 4 _aไทย (ภาคใต้) -- ปัญหาและข้อพิพาท
651 4 _96265
_aไทย (ภาคใต้)
_xปัญหาและข้อพิพาท
651 0 _a ไทย (ภาคใต้)
_xประวัติศาสตร์
_919016
850 _aNALT
856 4 0 _uhttps://hdl.handle.net/20.500.14156/519909
942 _cGB
_2lcc
998 _bปรียานุช คลอวุฒิวัฒน์
_aphon
_cphon
_j1020
_k นางจำเรียง ระวังสำโรง
999 _c77142
_d77142